MARC details
| 000 -CABECERA |
| campo de control de longitud fija |
02140cam a2200349 i 4500 |
| 001 - NÚMERO DE CONTROL |
| campo de control |
991107472019706196 |
| 005 - FECHA Y HORA DE LA ÚLTIMA TRANSACCIÓN |
| campo de control |
20251215120603.0 |
| 008 - DATOS DE LONGITUD FIJA--INFORMACIÓN GENERAL |
| campo de control de longitud fija |
241003s2025 enk 000 f eng d |
| 020 ## - NÚMERO INTERNACIONAL ESTÁNDAR DEL LIBRO |
| Número Internacional Estándar del Libro |
9780241600269 |
| 035 ## - NÚMERO DE CONTROL DEL SISTEMA |
| Número de control de sistema |
(OCoLC)1493148338 |
| Número de control cancelado/no válido |
(OCoLC)1493154275 |
| 035 ## - NÚMERO DE CONTROL DEL SISTEMA |
| Número de control de sistema |
(OCoLC)on1493148338 |
| 040 ## - FUENTE DE LA CATALOGACIÓN |
| Centro catalogador/agencia de origen |
UKYRK |
| Lengua de catalogación |
eng |
| Normas de descripción |
rda |
| Centro/agencia transcriptor |
UKYRK |
| Centro/agencia modificador |
OCLCO |
| -- |
QGQ |
| -- |
YDX |
| 041 1# - CÓDIGO DE LENGUA |
| Código de lengua del texto/banda sonora o título independiente |
English |
| Código de lengua original |
Korean |
| 050 #4 - SIGNATURA TOPOGRÁFICA DE LA BIBLIOTECA DEL CONGRESO |
| Número de clasificación |
PL992.26.K36 |
| Número de documento/Ítem |
C4513 2025 |
| 100 ## - ENTRADA PRINCIPAL--NOMBRE DE PERSONA |
| Nombre de persona |
Han, Kang |
| Fechas asociadas al nombre |
1970- |
| Término indicativo de función/relación |
author |
| 240 10 - TÍTULO UNIFORME |
| Título uniforme |
Chakpyŏl haji annŭnda. |
| Lenguaje de la obra |
English |
| 245 10 - MENCIÓN DE TÍTULO |
| Título |
We do not part |
| Mención de responsabilidad, etc. |
/ Han Kang ; translated by Emily Yae Won and Paige Aniyah Morris. |
| 260 ## - PUBLICACIÓN, DISTRIBUCIÓN, ETC. |
| Lugar de publicación, distribución, etc. |
London : |
| Nombre del editor, distribuidor, etc. |
Hamish Hamilton, |
| Fecha de publicación, distribución, etc. |
2025. |
| 300 ## - DESCRIPCIÓN FÍSICA |
| Extensión |
374 pages ; |
| Dimensiones |
23 cm |
| 500 ## - NOTA GENERAL |
| Nota general |
Translated from the Korean. |
| 500 ## - NOTA GENERAL |
| Nota general |
Originally published in South Korea as "Chakpyŏl haji annŭnda" in 2021. |
| 520 8# - SUMARIO, ETC. |
| Sumario, etc. |
One morning in December, Kyungha is called to her friend Inseon's hospital bedside. Airlifted to Seoul for an operation following a wood-chopping accident, Inseon is bedridden and begs Kyungha to take the first plane to her home on Jeju Island to feed her pet bird, who will quickly die unless it receives food. Unfortunately, as Kyungha arrives a snowstorm hits. Lost in a world of snow, she begins to wonder if she will arrive in time to save the bird - or even survive the terrible cold that envelops her with every step. But she doesn't yet suspect the darkness which awaits her at her friend's house. There, the long-buried story of Inseon's family surges into light, in dreams and memories passed from mother to daughter, and in a painstakingly assembled archive, documenting the terrible massacre seventy years before that saw 30,000 Jeju civilians murdered. |
| 650 #0 - PUNTO DE ACCESO ADICIONAL DE MATERIA--TÉRMINO DE MATERIA |
| Término de materia o nombre geográfico como elemento de entrada |
Families |
| Subdivisión de forma |
Fiction |
| 9 (RLIN) |
22172 |
| 650 #0 - PUNTO DE ACCESO ADICIONAL DE MATERIA--TÉRMINO DE MATERIA |
| Término de materia o nombre geográfico como elemento de entrada |
Missing persons |
| Subdivisión de forma |
Fiction |
| 9 (RLIN) |
24148 |
| 650 #0 - PUNTO DE ACCESO ADICIONAL DE MATERIA--TÉRMINO DE MATERIA |
| Término de materia o nombre geográfico como elemento de entrada |
Blizzards |
| Subdivisión de forma |
Fiction |
| 9 (RLIN) |
26584 |
| 650 #0 - PUNTO DE ACCESO ADICIONAL DE MATERIA--TÉRMINO DE MATERIA |
| Término de materia o nombre geográfico como elemento de entrada |
Female friendship |
| Subdivisión de forma |
Fiction |
| 9 (RLIN) |
23996 |
| 651 #0 - PUNTO DE ACCESO ADICIONAL DE MATERIA--NOMBRE GEOGRÁFICO |
| Nombre geográfico |
Korea (South) |
| Subdivisión de forma |
Fiction |
| 9 (RLIN) |
26585 |
| 651 #0 - PUNTO DE ACCESO ADICIONAL DE MATERIA--NOMBRE GEOGRÁFICO |
| Nombre geográfico |
Korea (South) |
| Subdivisión general |
History |
| Subdivisión cronológica |
Chejudo Rebellion, 1948 |
| Subdivisión de forma |
Fiction |
| 9 (RLIN) |
26586 |
| 700 ## - ENTRADA AGREGADA--NOMBRE PERSONAL |
| Nombre de persona |
Yae Won, Emily |
| Término indicativo de función/relación |
translator |
| 9 (RLIN) |
25805 |
| 700 ## - ENTRADA AGREGADA--NOMBRE PERSONAL |
| Nombre de persona |
Morris, Paige Aniyah |
| Término indicativo de función/relación |
translator |
| 9 (RLIN) |
25806 |
| 942 ## - ELEMENTOS DE ENTRADA AGREGADA (KOHA) |
| Fuente del sistema de clasificación o colocación |
Clasificación Decimal Dewey |